00000000cas 2200000zi 4500
0019.938253
003CaOODSP
00520260515072144
006m     o  d f      
007cr cn ||||||||
008240514c20209999onctr p o    f0###b0fre|d
022 |a2818-3061
040 |aCaOODSP|bfre|erda|cCaOODSP
043 |an-cn---
0861 |aIN6-4F-PDF
1102 |aBureau du surintendant des institutions financières Canada.|eauteur, |eorganisme de publication.
222 0|aÉtats financiers pour les périodes de trois et six mois terminées le ...
24510|aÉtats financiers pour ...
24613|aRapport financier trimestriel
264 1|a[Ottawa] : |bBureau du surintendant des institutions financières, |c[2020]-
310 |aTrois fois par année
336 |atexte|btxt|2rdacontent/fre
337 |ainformatique|bc|2rdamedia/fre
338 |aressource en ligne|bcr|2rdacarrier/fre
3621 |aParaît depuis : 30 juin 2020.
500 |aPublié aussi en anglais sous le titre : Financial statements for ...
500 |aVariantes dans le titre.
500 |aPlusieurs livraisons sont disponibles seulement en format HTML.
588 |aDescription d'après : 30 juin 2020.
588 |aDernière livraison consultée : 31 décembre 2024.
61026|aBureau du surintendant des institutions financieĢ€res Canada|xCrédits budgétaires et dépenses|vPériodiques.
650 6|aÉtats financiers non vérifiés|zCanada|vPériodiques.
650 6|aFinances publiques|zCanada|vPériodiques.
655 7|aPériodiques|2rvmgf
77508|tFinancial statements for ...|w(CaOODSP)9.938254